00458nam a2200121Ia 4500008004100000100002200041245006500063245004300128260003200171260001800203650001200221856010300233160809s9999 xx 000 0 und d aTsaousi, Georgia. aDo a Neurocritical Care Unit Requires Dedicated Nurse Staff? cGeorgia Tsaousi, and Federico Bilotta. bJournal of Nursing and Care cFebruary 2016 xNURSING uhttp://www.omicsgroup.org/journals/ArchiveJNC/jnc-archive.php?journal=jnc&month=February&year=2019